000 00452nam a2200181Ia 4500
001 17461
005 20260306171519.0
008 260306s9999||||xx |||||||||||||| ||und||
041 _aESP
082 _a658
_bG74
100 _aGorbanev, Iouri
_eAUT
245 0 _aAdministración general en ejercicios:
_bproblemas, experimentos y juegos de roles
260 _c2014
300 _a
_c
650 _aGEN
654 _aCAN
942 _cLIB
_dJUS
_fJUS
_2ddc
_n
999 _c17461
_d17461